Úřední vyměřování a ověřování přepravních sudů. STN 25 7510 : Účinnost: 1.10.1965

Salvato in:
Dettagli Bibliografici
Natura: Libro
Lingua:ceco
Pubblicazione: Praha : Úřad pro normalizaci a měření, 1965
Soggetti:
Tags: Aggiungi Tag
Nessun Tag, puoi essere il primo ad aggiungerne!!

MARC

LEADER 00000nam a22000003a 4500
001 stu79463
005 20150408175426.1
008 030304s1965----cs------------------cze-d
040 |a STU  |b slo 
041 0 |a cze 
044 |a cs 
080 |a 621.798.13 
245 |a Úřední vyměřování a ověřování přepravních sudů. STN 25 7510 :  |b Účinnost: 1.10.1965 
260 |a Praha :  |b Úřad pro normalizaci a měření,  |c 1965 
300 |a 4 s 
650 7 |a sudy prepravné  |2 stusub 
996 |b 284M039359  |c M*N-761-1  |l MMKN  |s A  |a 24  |w stu79463_0001